TV Shows by Pilot Episode Quiz Stats

Quiz Updated Oct 11, 2017

Challenge
Share
Tweet
Score 0/15 Timer 04:00
0 Plays Today
Location TV Show % Correct
Friends
97%
Seinfeld
92.4%
That '70s Show
89.8%
The Office
89.7%
Lost
89.3%
Home Improvement
80.5%
Game of Thrones
78.8%
Breaking Bad
76.4%
Location TV Show % Correct
Happy Days
71.2%
How I Met Your Mother
68.9%
The Wonder Years
61.2%
Arrested Development
57.5%
Family Ties
49.3%
It's Always Sunny in Philadelphia
39.5%
My So-Called Life
27.7%

You're not logged in!

Compare scores with friends on all Sporcle quizzes.
Sign Up with Email
OR
Log In

You Might Also Like...

Show Comments

Extras

Top Quizzes Today


Score Distribution

Your Account Isn't Verified!

In order to create a playlist on Sporcle, you need to verify the email address you used during registration. Go to your Sporcle Settings to finish the process.